00440nam a2200169Ia 4500008004100000020001800041245003700059245005000096260001500146260001600161260000900177300001400186300002500200300001000225440002700235500000800262170705s9999 xx 000 0 und d a9780590907392 4aThe blind men and the elephant / cKaren Backstein ; illustrated by Annie Mitra. aNew York : bScholastic, c1992 aunpaged : bcolor illustration ; c23cm. aHello reader! Level 3. a280